Catálogo público

Fundamentos de estequiometría / Gerhard-Otfried Müller; traducción Antonio Ara Blesa (Record no. 216897)

MARC details
000 -CABECERA
campo de control de longitud fija 00802nam a2200241Ia 4500
001 - NÚMERO DE CONTROL
campo de control Z_3093
008 - DATOS DE LONGITUD FIJA--INFORMACIÓN GENERAL
campo de control de longitud fija 220601s9999 xx 000 0 und d
082 ## - NÚMERO DE LA CLASIFICACIÓN DECIMAL DEWEY
Número de clasificación 541.26 M85
100 ## - ENTRADA PRINCIPAL--NOMBRE DE PERSONA
Nombre de persona Müller, Gerhard-Otfried
9 (RLIN) 180120
245 ## - MENCIÓN DE TÍTULO
Título Fundamentos de estequiometría / Gerhard-Otfried Müller; traducción Antonio Ara Blesa
260 ## - PUBLICACIÓN, DISTRIBUCIÓN, ETC.
Lugar de publicación, distribución, etc. Zaragoza, España : Acribia
300 ## - DESCRIPCIÓN FÍSICA
Extensión viii, 344 p.
500 ## - NOTA GENERAL
Nota general Traducción de la obra en alemán : Grundlagen der Stöchiometrie de 1962
503 ## - NOTA DE HISTORIA BIBLIOGRÁFICA (BK CF MU) [OBSOLETO]
Nota de historia bibliográfica ej.1: s/n \ ej.2: s/n
650 ## - PUNTO DE ACCESO ADICIONAL DE MATERIA--TÉRMINO DE MATERIA
Término de materia o nombre geográfico como elemento de entrada 1. Estequiometría
650 ## - PUNTO DE ACCESO ADICIONAL DE MATERIA--TÉRMINO DE MATERIA
Término de materia o nombre geográfico como elemento de entrada Química de las reacciones
9 (RLIN) 140245
700 ## - PUNTO DE ACCESO ADICIONAL--NOMBRE DE PERSONA
Nombre de persona Ara Blesa, Antonio, tr.Ì
9 (RLIN) 180122
901 ## - ELEMENTOS DE DATOS A LOCAL LDA (RLIN)
a 541.26 M85
902 ## - ELEMENTOS DE DATOS B LOCAL, LDB (RLIN)
a M
905 ## - ELEMENTOS DE DATOS E LOCAL, LDE (RLIN)
a 5232271965 sp mnt 8212223322spa16
942 ## - ELEMENTOS DE PUNTO DE ACCESO ADICIONAL (KOHA)
Tipo de ítem Koha Libro_
Holdings
Estado de retiro Estado de pérdida Fuente del sistema de clasificación o colocación Estado dañado No para préstamo Código de colección Localización permanente Ubicación/localización actual Ubicación en estantería Fecha de adquisición Total de préstamos Código de barras Fecha visto por última vez Número de copia Precio válido a partir de Tipo de ítem Koha
    Dewey Decimal Classification     General Zootecnia Zootecnia   09/11/2005   z_3475 02/06/2022 2 02/06/2022 Libro
    Dewey Decimal Classification     General Zootecnia Zootecnia   09/11/2005   z_3474 02/06/2022 1 02/06/2022 Libro